| 000 | 00536nam a2200193 a 4500 | ||
|---|---|---|---|
| 001 | 2947 | ||
| 003 | CDMR | ||
| 005 | 20131121140259.0 | ||
| 008 | 130130s1956||||||||||||||||||||||||||||d | ||
| 040 |
_aCDMR _bcat _cCDMR |
||
| 100 | 1 |
_aRobbins, Alan Pitt _92169 |
|
| 245 | 1 | 0 |
_aNewspaper to-day _cAlan Pitt Robbins |
| 260 |
_aOxford _c1956 _bOxford University Press |
||
| 300 | _a142 p. | ||
| 490 | 0 |
_aPageant of Progress _v21 |
|
| 650 | 0 | 4 |
_94374 _aPeriodisme _xManuals, guies, etc |
| 650 | 0 | 4 |
_9311 _aEmpreses periodÃstiques |
| 942 |
_cMON _2udc |
||
| 999 |
_c2947 _d2947 |
||